[Event "España tch 1A 2012 Descenso"]
[Site "Don Benito ESP"]
[Date "2012.08.05"]
[Round "7.41"]
[White "Pena Gomez, Manuel"]
[Black "Mate Adan, Carlos"]
[Result "1-0"]
[WhiteElo "2408"]
[BlackElo "2276"]
[PlyCount "67"]
[EventDate "2012.08.04"]
[EventType "team"]
[EventRounds "2"]
[EventCountry "ESP"]
[Source "lmi"]
[SourceDate "2012.08.04"]

1. c4 e5 2. g3 Nc6 3. Bg2 f5 4. d3 Nf6 5. Nc3 Bb4 6. Bd2 d6 7. e3 O-O 8. Nge2
Be6 9. Nd5 Bxd2+ 10. Qxd2 Rb8 11. O-O Ne7 12. Nxf6+ Rxf6 13. f4 Qd7 14. Qc3 Ng6
15. d4 exf4 16. d5 Bf7 17. exf4 c5 18. dxc6 bxc6 19. Rad1 d5 20. Nd4 Qb7 21. b3
dxc4 22. bxc4 Qb2 23. Rc1 Qxa2 24. Rc2 Qa6 25. Ra1 Qb7 26. Qa5 Rd6 27. Nxf5 Rd7
28. Qc3 Be8 29. Re1 Nf8 30. Rce2 Bg6 31. Re7 Rxe7 32. Rxe7 Qb1+ 33. Bf1 Qb2 34.
Rxg7+ 1-0

[Event "España tch 1A 2012 Descenso"]
[Site "Don Benito ESP"]
[Date "2012.08.05"]
[Round "7.42"]
[White "Ruiz Marana, Alejandro"]
[Black "Garcia Castro, Pablo"]
[Result "*"]
[WhiteElo "2210"]
[BlackElo "2393"]
[PlyCount "110"]
[EventDate "2012.08.04"]
[EventType "team"]
[EventRounds "2"]
[EventCountry "ESP"]
[Source "lmi"]
[SourceDate "2012.08.04"]

1. e4 d6 2. d4 Nf6 3. Nc3 e5 4. Nf3 Nbd7 5. Bc4 Be7 6. O-O Nb6 7. Be2 Nbd7 8.
Bc4 Nb6 9. Be2 Nbd7 10. a4 O-O 11. Bc4 a5 12. Qe2 c6 13. Rd1 Qb6 14. Rb1 exd4
15. Nxd4 Ne5 16. Ba2 Re8 17. h3 Bf8 18. Be3 Qd8 19. Re1 Ng6 20. Qd3 Nh5 21. Qd2
h6 22. Rbd1 Qf6 23. Nde2 Nh4 24. Kh2 d5 25. exd5 Bd6+ 26. Ng3 Qg6 27. Nce2 Qe4
28. Rg1 c5 29. Bxc5 Be5 30. d6 Be6 31. d7 Bxa2 32. dxe8=Q+ Rxe8 33. b3 Qxe2 34.
Qxe2 Bxg3+ 35. fxg3 Rxe2 36. gxh4 Rxc2 37. b4 axb4 38. Bxb4 Rc4 39. Ra1 Bb3 40.
Rgb1 Rxb4 41. Ra3 Rxa4 42. Rbxb3 Rf4 43. Rxb7 g6 44. g4 Nf6 45. Kg3 g5 46. hxg5
hxg5 47. Rf3 Rxf3+ 48. Kxf3 Kg7 49. Ke3 Nd5+ 50. Ke4 Nf4 51. Rb3 Ne6 52. Ke5
Nf4 53. Kf5 Ne6 54. Re3 Nf8 55. Kxg5 Kg8 *

[Event "España tch 1A 2012 Descenso"]
[Site "Don Benito ESP"]
[Date "2012.08.05"]
[Round "7.44"]
[White "San Emeterio Rubio, Jose"]
[Black "Rodriguez Lopez, Rafael"]
[Result "0-1"]
[WhiteElo "2062"]
[BlackElo "2244"]
[PlyCount "92"]
[EventDate "2012.08.04"]
[EventType "team"]
[EventRounds "2"]
[EventCountry "ESP"]
[Source "lmi"]
[SourceDate "2012.08.04"]

1. e4 e5 2. Nf3 Nc6 3. d4 exd4 4. Nxd4 Bb4+ 5. c3 Bc5 6. Be3 Bb6 7. Bc4 Ne5 8.
Be2 d6 9. O-O Nf6 10. f3 d5 11. Nd2 O-O 12. exd5 Nxd5 13. Bf2 Nf4 14. Ne4 f5
15. Ng3 h5 16. Bb5 c6 17. Re1 Qf6 18. Bf1 h4 19. Be3 Nd5 20. Nh5 Qf7 21. Nf4
Nxe3 22. Rxe3 Nc4 23. Re7 Qxe7 24. Bxc4+ Kh7 25. Qe1 Re8 26. Qxe7 Rxe7 27. Kf1
Bxd4 28. cxd4 g5 29. Nh3 Kg6 30. f4 Re4 31. fxg5 Rxd4 32. Bb3 f4 33. Ng1 Bg4
34. h3 Bh5 35. Re1 Rd6 36. Re5 Rad8 37. Ne2 Rd1+ 38. Kf2 R1d2 39. Re6+ Kxg5 40.
Re5+ Kh6 41. Re6+ Kg7 42. Re7+ Kf8 43. Re4 Rxe2+ 44. Rxe2 Bxe2 45. Kxe2 Ke7 46.
Kf3 Rd2 0-1